Zákon o ochrane hospodárskej súťaže s komentárom

Zákon č. 136/2001 T.z. o ochrane hospodárskej súťaže a o zmene a doplnení zákona SNR č. 347/1990 Zb. o organizácii ministerstiev a ostatných ústredných orgánov štátnej správy SR v znení neskorších predpisov ... a zákona č.165/2009 Z.z. Účelom tohto zákona je ochrana hospodárskej súťaže na trhu výrob...

ver descrição completa

Na minha lista:
Detalhes bibliográficos
Autor principal: Kajba, Jakub
Formato: Capítulo de Livro
Idioma:eslovaco
Assuntos:
Tags: Adicionar Tag
Sem tags, seja o primeiro a adicionar uma tag!

MARC

LEADER 00000naa$a2200000$$$4500
001 0106339
005 20231120083757.0
041 0 |a slo 
044 |a SK 
245 1 0 |a Zákon o ochrane hospodárskej súťaže s komentárom  |c Jakub Kajba 
520 |a Zákon č. 136/2001 T.z. o ochrane hospodárskej súťaže a o zmene a doplnení zákona SNR č. 347/1990 Zb. o organizácii ministerstiev a ostatných ústredných orgánov štátnej správy SR v znení neskorších predpisov ... a zákona č.165/2009 Z.z. Účelom tohto zákona je ochrana hospodárskej súťaže na trhu výrobkov, výkonov, prác a služieb pred jej obmedzovaním, ako aj vytváranie podmienok na jej ďalší rozvoj s cieľom podporiť hospodársky rozvoj v prospech spotrebiteľov a úprava právomoci a pôsobnosti protimonopolného úradu SR. 
610 2 0 |a súťaž hospodárska 
610 2 0 |a ochrana súťaže hospodárskej 
610 2 0 |a zákony 
610 2 0 |a Slovensko 
610 2 0 |a 2001-2009 
100 1 |a Kajba, Jakub